Responses for show #3073 - Wednesday, December 31, 1997

Included "Bonus" category in the Double Jeopardy! Round.

Contestants

Nancy Moeller, a homemaker from Atlanta, Georgia

Brent Winter, a fashion editor from Atlanta, Georgia

Janine Menhennet, a homemaker from Pasadena, California (whose 2-day cash winnings total $23,400)

Jeopardy! Round responses

HAPPY NEW YEAR!
FAMOUS WOMEN
"V"OCABULARY
BOWL GAME NAMES
(Alex: To celebrate, with some...)
A MAGNUM OF CHAMPAGNE
NOISEMAKERS
    $100 16
November 3 (the 1st Tuesday after the 1st Monday)

Janine
    $100 7
Joan Embery

Brent
    $100 2
Vinyl

Janine
    $100 21
Cotton Bowl

Brent
    $100 1
Methuselah

Brent
    $100 12
Chalkboard/blackboard

Janine
    $200 17
666

Brent
    $200 8
Mother Teresa

Brent
    $200 3
a ventriloquist

Nancy
    $200 22
Orange Bowl

Janine
    $200 13
Gigi

Janine
    $200 26
Squeaky Wheel

Janine
    $300 18
Israel

Brent
    $300 9
(B: Who is Barbara Walters?)

Diane Sawyer

JanineBrent
    $300 4
Voyeur

Brent
    $300 23
(we have a minute left in the round...)

Gator Bowl

Janine
    $300 14
Tulip

Brent
    $300 27
Tarzan

Brent
    $400 19
Jimmy Carter

Brent
    $400 10
Surgeon General

Janine
    $400 5
Vintner

Brent
    $1,000 24
(Janine: What is the Aloha Bowl?)
...
(Alex: They wanted to take it away from the coast and move it to the other side of the country.)

the Rose Bowl

Janine
    $400 15
Doux (50% sugar)

Brent
    $400 28
Muffler

Brent
    $500 20
Spanish-American War

Janine
    $500 11
Dianne Feinstein

Brent
    $500 6
(N: What is a vestibule?)

Vestry

BrentNancy
    $500 25
Peach Bowl

Nancy
    $500 29
(buzzer sounds)

Bagpipes

Brent

Scores at the first commercial break (after clue 15):

Janine Brent Nancy
$1,100 $2,500 -$300

Scores at the end of the Jeopardy! Round:

Janine Brent Nancy
$1,400 $4,700 $200

Double Jeopardy! Round responses

ISLANDS
BONUS TV
(Alex: There are 2 correct responses. If you select and respond correctly to one of the clues, you'll earn that amount; you can then elect to try for the 2nd half of it, in which case, you would double your score if you're right, but if you're wrong, you lose it all.)
NEWS STORIES OF 1997
1998 CALENDARS
BOOKS BY THEIR COVERS
COMMON BONDS
    $200 1
Russian

Brent
    $200 7
(Brent: Who is Woody?)
(Alex: Now, for another $200, do you want to try for the 2nd part of the clue?)
(Brent: I do not.)
(Janine: Who is Coach?)
(Alex: Correct, $200 for each of you.)

Coach & Woody

JanineBrent
    $200 6
Cork

Janine
    $200 16
Jacques Cousteau

Nancy
    $200 17
Dennis Rodman

Brent
    $200 23
Bears

Brent
    $400 2
Galapagos Islands

Janine
    $400 8
(Brent: What is Rhoda?)
(Alex: You want to try for the 2nd part? There's another correct response.)
(Brent: Yes, what is Lou Grant?)
(Alex: No, sorry, that is incorrect. Janine or Nancy, do you have a response for me?)

Rhoda & Phyllis

Brent
Triple Stumper
    $400 9
H

Janine
    $400 18
Snaps

Triple Stumper
    $400 20
The King Of Comedy

Brent
    $400 24
(buzzer sounds)

Things made of/with plates

Triple Stumper
    $600 3
Cretans

Brent
    $600 11
(Brent: What is T.J. Hooker?)
(Alex: You want to try for the 2nd part of it for an additional $600?)
(Brent: No.)
(Janine: What is Dynasty?)

Dynasty & T.J. Hooker

JanineBrent
    $600 10
Sam Sheppard

Triple Stumper
    $600 19
(B: Who is Jenny McCarthy?)
(and we have a minute to go now, Brent...)

Carmen Electra

Brent
Triple Stumper
    $600 21
87th

Triple Stumper
    $1,500 4
(B: What is archipelago?)

Channel Islands

Brent
    $800 12
Jack Jones & Dionne Warwick

Triple Stumper
    $800 14
"Rosie The Riveter"

Triple Stumper
    $800 22
Billy Graham

Triple Stumper
    $1000 5
(J: What is Hispaniola?)

Cuba

Janine
Triple Stumper
    $2000 13
(Janine: What is Santa Barbara?)
(Alex: You want to try for an additional $1000?)
(Janine: What is Sunset Beach?)
(Alex: Well done, $2000 for you.)

Santa Barbara & Sunset Beach

Janine
    $1000 15
Louise Woodward

Brent

Scores at the end of the Double Jeopardy! Round:

Janine Brent Nancy
$4,200 $5,600 $400

[wagering suggestions for these scores]

Final Jeopardy! Round responses

U.S. GOVERNMENT
(Alex: Join us again tomorrow on Jeopardy! So long. Happy New Year!)
NancyWhat Immigration & Naturalization?
$0
JanineWhat is the INS Immigration & Naturaliza-tion Service?
$4,100
BrentWhat is the I.N.S.?
$2,900
the Immigration and Naturalization Service

Final scores:

Janine Brent Nancy
$8,300 $8,500 $400
2nd place: Trip to Doubletree Guest Suites Hotel, New York City New champion: $8,500 3rd place: Pair of Wittnauer Thin Wrist Watches

Game dynamics:

Coryat scores:

Janine Brent Nancy
$5,200 $7,100 $400
16 R,
2 W
(including 1 DD)
24 R,
4 W
(including 1 DD)
3 R,
1 W

Combined Coryat: $12,700

The J! Archive is created by fans, for fans. The Jeopardy! game show and all elements thereof, including but not limited to copyright and trademark thereto, are the property of Jeopardy Productions, Inc. and are protected under law. This website is not affiliated with, sponsored by, or operated by Jeopardy Productions, Inc. Join the discussion at JBoard.tv.